OPAC Home

අහසට වඩා මං ආසයි මහපොළවට (Record no. 74611)

MARC details
000 -LEADER
fixed length control field 00582nam a2200193Ia 4500
003 - CONTROL NUMBER IDENTIFIER
control field LK-CoDNM
005 - DATE AND TIME OF LATEST TRANSACTION
control field 20241212105637.0
008 - FIXED-LENGTH DATA ELEMENTS--GENERAL INFORMATION
fixed length control field 101006t2006 xxu||||| |||| 00| 0 sin d
040 ## - CATALOGING SOURCE
Original cataloging agency LK-CoDNM
Modifying agency LK-CoDNM
Description conventions LK-CoDNM
041 ## - LANGUAGE CODE
Language code of text/sound track or separate title Sinhala; Sinhalese
080 ## - UNIVERSAL DECIMAL CLASSIFICATION NUMBER
Universal Decimal Classification number X8S1
Item number DAM
942 ## - ADDED ENTRY ELEMENTS (KOHA)
Koha item type Books
100 ## - MAIN ENTRY--PERSONAL NAME
Personal name Dammajothi Thero, Dematadenikande
245 ## - TITLE STATEMENT
Title අහසට වඩා මං ආසයි මහපොළවට
246 ## - VARYING FORM OF TITLE
Title proper/short title Ahasata Vada Man Aasai Mahapolavata
260 ## - PUBLICATION, DISTRIBUTION, ETC. (IMPRINT)
Name of publisher, distributor, etc. Author
Place of publication, distribution, etc. Homagama
Date of publication, distribution, etc. 2006
300 ## - PHYSICAL DESCRIPTION
Other physical details 21p. ; 21 cm
650 ## - SUBJECT ADDED ENTRY--TOPICAL TERM
Topical term or geographic name as entry element කාව්‍ය නිර් මාණ
Holdings
Withdrawn status Lost status Damaged status Not for loan Collection code Permanent Location Current Location Shelving location Date acquired Full call number Barcode Koha item type
    Damaged   Old Books Collection Library National Museum Colombo - Sri Lanka Library National Museum Colombo - Sri Lanka Reference 2024-12-12 X8S1 DAM KAVI004 Books
Copyright © 2023 Department of National Museum, Colombo 07, Sri Lanka Funded by UNESCO IFAP UNESCO